000 00596nam a22002057a 4500
005 20240318105902.0
008 240318b |||||||| |||| 00| 0 eng d
020 _a9781416031215
082 _a616.07
_bKUM-R
100 _aKumar Vinay,
245 _a Robbins & Cotran Pathologic Basis of Disease /
_cVinay Kumar, Abdul K. Abbas, John C. Aster
250 _a8th ed.
260 _aIndia:
_bElsevier;
_c2010.
300 _aviii ;1450p. :
_bill ;
_c27.5 cm.
500 _ainclude index.
650 _aMedical / Pathology
700 _a Abdul K. Abbas
700 _aJohn C. Aster
999 _c35387
_d35387